<?xml version="1.0" encoding="UTF-8"?>
<record
    xmlns:xsi="http://www.w3.org/2001/XMLSchema-instance"
    xsi:schemaLocation="http://www.loc.gov/MARC21/slim http://www.loc.gov/standards/marcxml/schema/MARC21slim.xsd"
    xmlns="http://www.loc.gov/MARC21/slim">

  <leader>02669nam a2200313 a 4500</leader>
  <controlfield tag="003">OSt</controlfield>
  <controlfield tag="005">20251202114106.0</controlfield>
  <controlfield tag="007">cr ||||||a|a|a</controlfield>
  <controlfield tag="008">250701s2025    mx a|||fom||| 001 0 spa d</controlfield>
  <datafield tag="040" ind1=" " ind2=" ">
    <subfield code="e">rda</subfield>
  </datafield>
  <datafield tag="100" ind1="1" ind2=" ">
    <subfield code="a">Meraz Vel&#xE1;zquez, Manuel Sabel</subfield>
    <subfield code="9">190531</subfield>
  </datafield>
  <datafield tag="245" ind1="1" ind2="0">
    <subfield code="a"> Diagn&#xF3;stico de los equipos de bombeo de pozos profundos de la Universidad Aut&#xF3;noma Chapingo/</subfield>
    <subfield code="c">por Manuel Sabel Mer&#xE1;z Vel&#xE1;zquez; director de tesis Natalio Guti&#xE9;rrez Carrillo; secretario Mauricio Carrillo Garc&#xED;a; vocal Jos&#xE9; Reyes S&#xE1;nchez; suplente Jorge V&#xED;ctor Prado Hern&#xE1;ndez; suplente Jos&#xE9; Juan Aguilar Cabrera</subfield>
  </datafield>
  <datafield tag="264" ind1=" " ind2="1">
    <subfield code="a">Chapingo, M&#xE9;xico :</subfield>
    <subfield code="b">El autor,</subfield>
    <subfield code="c">2024.</subfield>
  </datafield>
  <datafield tag="300" ind1=" " ind2=" ">
    <subfield code="a">1 recurso en l&#xED;nea (65 p&#xE1;ginas):</subfield>
    <subfield code="b">cuadros, figuras.</subfield>
  </datafield>
  <datafield tag="336" ind1=" " ind2=" ">
    <subfield code="2">rdacontent</subfield>
    <subfield code="a">texto</subfield>
    <subfield code="b">txt</subfield>
  </datafield>
  <datafield tag="337" ind1=" " ind2=" ">
    <subfield code="2">rdamedia</subfield>
    <subfield code="a">computadora</subfield>
    <subfield code="b">c</subfield>
  </datafield>
  <datafield tag="338" ind1=" " ind2=" ">
    <subfield code="2">rdacarrier</subfield>
    <subfield code="a">recurso en l&#xED;nea</subfield>
    <subfield code="b">cr</subfield>
  </datafield>
  <datafield tag="502" ind1=" " ind2=" ">
    <subfield code="b">II</subfield>
    <subfield code="c">Irrigaci&#xF3;n</subfield>
    <subfield code="d">2024.</subfield>
    <subfield code="g">LIC</subfield>
  </datafield>
  <datafield tag="504" ind1=" " ind2=" ">
    <subfield code="a">Incluye referencias bibliogr&#xE1;ficas: p&#xE1;ginas 57-58.</subfield>
  </datafield>
  <datafield tag="520" ind1=" " ind2=" ">
    <subfield code="a">Este trabajo se llev&#xF3; a cabo en los equipos de bombeo para pozo profundo ubicados en las instalaciones de la Universidad Aut&#xF3;noma Chapingo, abarcando la toma de datos en el mes de noviembre del a&#xF1;o 2023 y el mes de abril del a&#xF1;o 2024. Se tiene como objetivo realizar un diagn&#xF3;stico de los equipos de bombeo en los pozos profundos de la universidad utilizando la NOM-006-ENER-2015, mediante la determinaci&#xF3;n e interpretaci&#xF3;n de su eficiencia electromec&#xE1;nica. Para ello, se obtuvieron los valores de las variables el&#xE9;ctricas e hidr&#xE1;ulicas, tales como la intensidad de corriente, la tensi&#xF3;n, el factor de potencia, el gasto en la descarga, las p&#xE9;rdidas de carga, la profundidad del nivel din&#xE1;mico y la carga din&#xE1;mica total. Se realizaron los c&#xE1;lculos correspondientes a la potencia consumida, la potencia aprovechada y eficiencia electromec&#xE1;nica, con lo cual se determin&#xF3; el funcionamiento de cada equipo de bombeo, as&#xED; como tambi&#xE9;n los equipos que requieran rehabilitaci&#xF3;n. Se obtuvo que, de los ocho equipos de bombeo analizados, tres necesitan rehabilitaci&#xF3;n, tres requerir&#xE1;n rehabilitaci&#xF3;n en los pr&#xF3;ximos dos a&#xF1;os y dos funcionan aceptablemente.</subfield>
  </datafield>
  <datafield tag="650" ind1=" " ind2="4">
    <subfield code="a">Pozos profundos</subfield>
    <subfield code="x">Evaluaci&#xF3;n</subfield>
    <subfield code="9">190880</subfield>
  </datafield>
  <datafield tag="700" ind1="1" ind2=" ">
    <subfield code="a">Guti&#xE9;rrez Carrillo, Natalio</subfield>
    <subfield code="9">51641</subfield>
  </datafield>
  <datafield tag="700" ind1="1" ind2=" ">
    <subfield code="a">Carrillo Garc&#xED;a, Mauricio</subfield>
    <subfield code="9">19488</subfield>
    <subfield code="e">secretario.</subfield>
  </datafield>
  <datafield tag="700" ind1="1" ind2=" ">
    <subfield code="a">Reyes S&#xE1;nchez, Jos&#xE9;</subfield>
    <subfield code="9">96990</subfield>
    <subfield code="e">vocal.</subfield>
  </datafield>
  <datafield tag="700" ind1="1" ind2=" ">
    <subfield code="a">Prado Hern&#xE1;ndez, Jorge V&#xED;ctor</subfield>
    <subfield code="9">91267</subfield>
    <subfield code="e">suplente.</subfield>
  </datafield>
  <datafield tag="700" ind1="1" ind2=" ">
    <subfield code="a">Aguilar Cabrera, Jos&#xE9; Juan</subfield>
    <subfield code="e">suplente.</subfield>
    <subfield code="9">2664</subfield>
  </datafield>
  <datafield tag="856" ind1=" " ind2=" ">
    <subfield code="u">http://10.13.5.2/tesis/tl/1811662-5_%20MERAZ_VELAZQUEZ_MANUEL_SABEL.pdf</subfield>
    <subfield code="z">DESCARGAR PDF</subfield>
  </datafield>
  <datafield tag="942" ind1=" " ind2=" ">
    <subfield code="2">Clasificaci&#xF3;n Universidad Aut&#xF3;noma Chapingo</subfield>
    <subfield code="c">TD</subfield>
  </datafield>
  <datafield tag="999" ind1=" " ind2=" ">
    <subfield code="c">220722</subfield>
    <subfield code="d">220722</subfield>
  </datafield>
  <datafield tag="952" ind1=" " ind2=" ">
    <subfield code="0">0</subfield>
    <subfield code="1">0</subfield>
    <subfield code="2">local</subfield>
    <subfield code="4">0</subfield>
    <subfield code="5">1</subfield>
    <subfield code="7">0</subfield>
    <subfield code="8">TesDigL</subfield>
    <subfield code="a">BD</subfield>
    <subfield code="b">BD</subfield>
    <subfield code="c">E_L</subfield>
    <subfield code="d">2025-08-11</subfield>
    <subfield code="l">0</subfield>
    <subfield code="o">Tesis digital</subfield>
    <subfield code="r">2025-08-11 12:12:40</subfield>
    <subfield code="w">2025-08-11</subfield>
    <subfield code="y">TD</subfield>
  </datafield>
</record>
